000 00514nam a2200169 4500
008 021210s1992 us 1 eng
020 _a0310575729
090 0 _aBR1644
_bM11c
_b1992
100 1 _aMcArthur, John F.
245 1 0 _aCharismatic chaos /
_cJohn F. McArthur.
260 _aMichigan :
_bZondervan,
_cc1992.
300 _a415 p.
504 _aIncludes index
650 4 _aPentecostalism
_xControversial literature.
951 _p25406
_oBR1644/M11c/1992
_j070613111201046
_d2000-12-21
_cGC
999 _c13669
_d13669